000 00305nam a2200109 a 4500
005 20200929150202.0
008 090701s1989 000 spa d
020 _a843680466X
245 0 _aLeer en la escuela : nuevas tendencias en la enseƱanza de la escuela.
260 _aMadrid,
_c1989.
999 _c2175
_d2175
040 _aDO-SdBNP